Biggest US cities during the war of 1812 - Statistics

General Stats
  • This quiz has been taken 56 times
  • The average score is 6 of 10
Answer Stats
Population Answer % Correct
96,373 New York City
98%
33,787 Boston
91%
46,555 Baltimore
84%
53,722 Philadelphia
84%
24,711 Charleston
78%
17,242 New Orleans
56%
10,762 Albany
51%
19,874 Northern Liberties
29%
12,613 Salem
29%
13,707 Southwark
13%
No matching quizzes found
Score Distribution
Percent of People with Each Score
Percentile by Number Answered
Your Score History
You have not taken this quiz